Şakanın ardından : (Record no. 43300)
| 000 -BAŞLIK | |
|---|---|
| Sabit Uzunluktaki Kontrol Alanı | 02085nam a22004457a 4500 |
| 001 - KONTROL NUMARASI | |
| Control Dosyası | 0043481 |
| 003 - KONTROL NUMARASI KİMLİĞİ | |
| Kontrol Alanı | KOHA_MİRAKIL |
| 005 - EN SON İŞLEM TARİHİ ve ZAMANI | |
| Kontrol Alanı | 20260207003350.0 |
| 007 - FİZİKSEL TANIM SABİT ALAN - GENEL BİLGİ | |
| Sabit uzunluklu kontrol alanı | ta |
| 008 - SABİT UZUNLUKTAKİ VERİ ÖGELERİ - GENEL BİLGİ | |
| Sabit Alan | 130730b2011 tu |||gr||||#||||0|tur | |
| 020 ## - ISBN - ULUSLARARASI STANDART KİTAP NUMARASI | |
| Isbn | 9786051063744 |
| 040 ## - KATALOGLAMA KAYNAĞI | |
| Özgün Kataloglama Kurumu | TR-BiSEU |
| Kataloglama Dili | tur |
| Çeviri Kurumu | TR-BiSEU |
| Açıklama Kuralları | rda |
| 041 0# - DİL KODU | |
| Metin ya da ses kaydının dil kodu | tur |
| 044 ## - YAYINLAYAN/ÜRETEN KURULUŞUN ÜLKE KODU | |
| ISO country code | tu |
| 050 ## - SINIFLAMA ve YER NUMARASI | |
| Sınıflama Numarası | Q175 |
| Yer Numarası | .S65 2011 |
| 100 1# - KİŞİ ADI | |
| Yazar Adı (Kişi adı) | Sokal, Alan. |
| 245 1# - ESER ADI BİLDİRİMİ | |
| Başlık | Şakanın ardından : |
| Alt Eseradı vb. | postmodernizmin bilimsel, felsefi ve kültürel eleştirisi/ |
| Sorumluluk Bildirimi | Alan Sokal ; Alan Sokal ; çeviren Gülsima Eryılmaz. |
| 264 #1 - ÜRERİM, YAYIN, DAĞITIM ve TELİF BİLDİRİMİ | |
| Yayın yeri | İstanbul : |
| Yayınlayan | Alfa Yayınları |
| Yayın tarihi | 2011 |
| 300 ## - FİZİKSEL TANIMLAMA | |
| Sayfa, Cilt vb. | xxvvi, 530 sayfa ; |
| Boyutları | 21 cm. |
| 336 ## - İÇERİK TÜRÜ | |
| Content type term | metin |
| Content type code | txt |
| Source | rdacontent |
| 337 ## - MEDYA TÜRÜ | |
| Media type term | aracısız |
| Media type code | n |
| Source | rdamedia |
| 338 ## - TAŞIYICI TÜRÜ | |
| Carrier type term | cilt |
| Carrier type code | nc |
| Source | rdacarrier |
| 490 1# - DİZİ BİLDİRİMİ | |
| Dizi Bildirimi | Alfa yayınları ; |
| Cilt Numarası | 2233. |
| 490 1# - DİZİ BİLDİRİMİ | |
| Dizi Bildirimi | Felsefe-Bilim felsefesi ; |
| Cilt Numarası | 4. |
| 500 ## - GENEL NOT | |
| Genel Not | Özgün adı : Beyond the hoax ; science, philosophy and culture |
| 500 ## - GENEL NOT | |
| Genel Not | Dizin var. |
| 500 ## - GENEL NOT | |
| Genel Not | Kaynakça var. |
| 505 ## - İÇİNDEKİLER NOTU | |
| İçindekiler Notu | Türkçe Baskıya Önsöz ix |
| 650 #0 - KONU BAŞLIĞI EK GİRİŞ - KONU TERİMİ | |
| Konusal terim veya coğrafi ad | Bilim--Felsefe. |
| 9 (RLIN) | 9412 |
| 650 #0 - KONU BAŞLIĞI EK GİRİŞ - KONU TERİMİ | |
| Konusal terim veya coğrafi ad | Science--Philosophy. |
| 9 (RLIN) | 15256 |
| 650 #0 - KONU BAŞLIĞI EK GİRİŞ - KONU TERİMİ | |
| Konusal terim veya coğrafi ad | Kanıt. |
| 9 (RLIN) | 81057 |
| 650 #0 - KONU BAŞLIĞI EK GİRİŞ - KONU TERİMİ | |
| Konusal terim veya coğrafi ad | Evidence. |
| 9 (RLIN) | 62463 |
| 650 #0 - KONU BAŞLIĞI EK GİRİŞ - KONU TERİMİ | |
| Konusal terim veya coğrafi ad | Sözde bilim. |
| 9 (RLIN) | 81058 |
| 650 #0 - KONU BAŞLIĞI EK GİRİŞ - KONU TERİMİ | |
| Konusal terim veya coğrafi ad | Pseudoscience. |
| 9 (RLIN) | 81059 |
| 650 #0 - KONU BAŞLIĞI EK GİRİŞ - KONU TERİMİ | |
| Konusal terim veya coğrafi ad | Dolandırıcılık, Bilimde. |
| 9 (RLIN) | 81060 |
| 650 #0 - KONU BAŞLIĞI EK GİRİŞ - KONU TERİMİ | |
| Konusal terim veya coğrafi ad | Fraud in science. |
| 9 (RLIN) | 81061 |
| 830 1# - SERİ EK GİRİŞİ - TEKBİÇİM ESER ADI | |
| Tekbiçim Başlık | Alfa yayınları ; |
| Volume number/sequential designation | 2233. |
| 9 (RLIN) | 3219 |
| 830 1# - SERİ EK GİRİŞİ - TEKBİÇİM ESER ADI | |
| Tekbiçim Başlık | Felsefe-Bilim felsefesi ; |
| Volume number/sequential designation | 4. |
| 9 (RLIN) | 81062 |
| 942 ## - EK GİRİŞ ÖGELERİ (KOHA) | |
| Source of classification or shelving scheme | Library of Congress Classification |
| Koha item type | Book |
| 505 ## - İÇİNDEKİLER NOTU | |
| -- | Önsöz xiii |
| -- | |
| -- | Kısım I : Social Text Olayı 1 |
| -- | 1 Parodiler, açlıklamalı 3 |
| -- | 2 Sınırları aşmak : Bir ösöz 89 |
| -- | 3 Hakikat, akıl, nesnellik ve sol 105 |
| -- | 4 Bilim çalışmaları : Göz görünenden daha azı 117 |
| -- | 5 Social Text olayı neyin kanıtlar neyi kanıtlamaz 157 |
| -- | |
| -- | Kısım II : Bilim ve Felsefe 179 |
| -- | 6 Bilim felsefesinde bilişsel görecelik 183 |
| -- | 7 Alçakgönüllü bir bilimsel realizm için savunma 249 |
| -- | |
| -- | Kısım III: Bilim ve Kültür 285 |
| -- | 8 Sahte bilim ve Posmodernizm : Düşmanlar mı yoksa yoldaşlar mı ? 289 |
| -- | 9 Din, politika ve hayatta kalma 415 |
| -- | 10 Sonsöz : Epistemoloji ve etik 503 |
| -- | Dizin 521 |
| -- | |
| Materyal Türü | Kalıcı Konum | Mevcut Konum | Raf Yeri | Sınıflandırma Kaynağı | Edinim Bilgisi | Ana Konular | Alt Konular | Yer Numarası | Demirbaş Numarası | Fatura Tarihi | Maliyet, Alış Fiyatı | Maliyet, Yenileme Fiyatı | Geri Çekilme Durumu | Kayıp Durumu | Hasarlı Durumu | Kredi için değil | Kayıt Tarih | Toplam Ödünçverme | Son Görülme Tarihi | Son Kontrol Tarihi | Satın Alma Notu |
|---|---|---|---|---|---|---|---|---|---|---|---|---|---|---|---|---|---|---|---|---|---|
| Book | Prof. Dr. Azmi Özcan Kütüphanesi | Prof. Dr. Azmi Özcan Kütüphanesi | Birûni Salonu | Library of Congress Classification | Satın | BİLİM | Bilim (Genel) | Q175 .S65 2011 | 0043481 | 24/09/2013 | 15.46 | 15.46 | 30/07/2013 | 2 | 02/06/2025 | 02/06/2025 | 73291-73383 (92 sayfa) |
